Le Comte de Monte-Christo - les premières lignes - Statistiques

Statistiques générales
  • Ce quiz a été pris 47 fois
  • Le résultat moyen est 33 sur 116
Statistiques - réponses
Réponse % Correct
à
93%
a
93%
d'
86%
L'
84%
l'
84%
Le
72%
le
72%
c'
63%
s'
60%
et
56%
la
53%
de
49%
est
40%
un
40%
Marseille.
37%
Marseille
37%
Pharaon,
33%
Pharaon,
33%
les
33%
du
30%
une
30%
ce
26%
que
23%
1815,
21%
était
21%
cap
19%
arrivée.
16%
arrivée
16%
février
16%
île
16%
navire
16%
port,
16%
24
14%
Comme
14%
comme
14%
habitude,
12%
habitude
12%
car
9%
château
9%
Dame
9%
If,
9%
Notre-
9%
vigie
9%
entre
7%
été
7%
Garde
7%
Jean
7%
mâts
7%
Naples.
7%
quand
7%
Saint-
7%
signala
7%
Smyrne,
7%
sur
7%
Trieste
7%
trois-
7%
aborder
5%
alla
5%
armateur
5%
aussitôt
5%
Aussitôt,
5%
encore,
5%
forme
5%
fort
5%
Morgion
5%
plate-
5%
rasa
5%
Rion.
5%
venant
5%
ville.
5%
arrimé
2%
bâtiment,
2%
construit,
2%
côtier
2%
curieux ;
2%
grande
2%
partit
2%
Phocée,
2%
pilote
2%
toujours
2%
vieille
2%
affaire
0%
appartient
0%
chantiers
0%
couverte
0%
gréé,
0%
surtout
0%
Aucun quiz correspondant
Distribution des résultats
% des personnes avec chaque résultat
Percentile par nombre de réponses
Votre historique - résultats
Vous n’avez pas pris ce quiz